Free Kick: Definitions Quiz Stats

 Plays Quiz not verified by Sporcle

Challenge
Share
Tweet
Embed
Score 0/20 Timer 05:00
0 Plays Today
% Correct
Free hand
79.4%
Free gift
78.7%
Free fall
78.3%
Free kick
77.5%
Free enterprise
77.1%
Free fire zone
75.5%
Free-for-all
74.3%
Freemason
73.9%
Freeloader
73.9%
Free association
73.1%
% Correct
Free love
73.1%
Freedom fighter
70.8%
Free and easy
70.8%
Free radical
69.2%
Free speech
69.2%
Free spirit
68.4%
Free expression
67.2%
Freebooter
64.4%
Free agent
60.1%
Free-wheeling
41.1%

You're not logged in!

Compare scores with friends on all Sporcle quizzes.
Join for Free
OR
Log In

You Might Also Like...

Show Comments

Extras

Curator's Pick Mar 9, 2017ReportNominate
Tags:Clickable Quiz, Definition Quiz, free, freedom

Top Quizzes Today


Score Distribution

Your Account Isn't Verified!

In order to create a playlist on Sporcle, you need to verify the email address you used during registration. Go to your Sporcle Settings to finish the process.

Report this User

Report this user for behavior that violates our Community Guidelines.

Details: